书目信息 |
| 题名: |
古典吉他经典弹奏
|
|
| 作者: | 成海 , 文杰 编 | |
| 分册: | ||
| 出版信息: | 重庆 西南师范大学出版社 1998 |
|
| 页数: | 115页 | |
| 开本: | 26cm | |
| 丛书名: | 音乐教育丛书 | |
| 单 册: | ||
| 中图分类: | J623.2 | |
| 科图分类: | ||
| 主题词: | 吉他--奏法 | |
| 电子资源: | ||
| ISBN: | 7-5621-1880-9 | |
| 000 | 00667nam2 2200229 45 | |
| 001 | 0404131674 | |
| 005 | 20040413170008.2 | |
| 010 | @a7-5621-1880-9@dCNY10.80 | |
| 100 | @a20040413d1998 km y0chiy0120 ea | |
| 101 | 0 | @achi |
| 105 | @ag z 000yy | |
| 200 | 1 | @a古典吉他经典弹奏@AGu Dian Ji Ta Jing Dian Dan Zou@f成海,文杰编@FCheng Hai,Wen Jie Bian |
| 210 | @a重庆@c西南师范大学出版社@c西南财经大学出版社@d1998 | |
| 215 | @a115页@d26cm | |
| 225 | @a音乐教育丛书 | |
| 410 | @12001 @a音乐教育丛书 | |
| 606 | 0 | @a吉他@x奏法 |
| 690 | @aJ623.2@v4 | |
| 701 | 0 | @a成海@4编 |
| 701 | 0 | @a文杰@4编 |
| 801 | @aCN@bTSTC@c20040413 | |
| 905 | @b331479-483@dJ623.2@e125@f5 | |
| 古典吉他经典弹奏/成海,文杰编.-重庆:西南师范大学出版社:西南财经大学出版社,1998 |
| 115页;26cm.-(音乐教育丛书) |
| ISBN 7-5621-1880-9:CNY10.80 |
| ● |
| 相关链接 |
|
|
|
|
正题名:古典吉他经典弹奏
索取号:J623.2/125
 
预约/预借
| 序号 | 登录号 | 条形码 | 馆藏地/架位号 | 状态 | 备注 |
| 1 | 0331479 | 203314797 | 第一借阅区/ [索取号:J623.2/125] | 在馆 | |
| 2 | 0331480 | 203314804 | 第一借阅区/ [索取号:J623.2/125] | 在馆 | |
| 3 | 0331481 | 203314813 | 第一借阅区/ [索取号:J623.2/125] | 在馆 | |
| 4 | 0331482 | 203314822 | 第一借阅区/ [索取号:J623.2/125] | 在馆 | |
| 5 | 0331483 | 203314831 | 第一样本阅览室/ [索取号:J623.2/125] | 在馆 |